000 00497nam a2200181Ia 4500
005 20250326123703.0
008 250326s9999 xx 000 0 und d
037 _aTextbook
040 _aFMSL
_beng
_cFMSL
041 _aeng
_2eng
084 _aX65.1 M4
_qFMSL
100 _aAgrawal H P
245 0 _aInvestment guidelines for Indians abroad
_cAgrawal H P
260 _aNew Delhi
_bNew Delhi, Aruna
_c1984
300 _a100p
942 _cTB
_hX65.1 M4
999 _c1270503
_d1270503